[Event "Jesenik Rapid op"]
[Site "Jesenik"]
[Date "2023.08.18"]
[Round "8"]
[White "Dostal, Radim"]
[Black "Kubat, Pavel"]
[Result "1-0"]
[WhiteElo "1904"]
[BlackElo "2033"]
[PlyCount "41"]
[EventDate "2023.08.18"]
[EventType "swiss (rapid)"]
[EventRounds "9"]
[EventCountry "CZE"]
[SourceTitle "EXT 2024"]
[Source "ChessBase"]
[SourceDate "2023.10.10"]
[SourceVersion "1"]
[SourceVersionDate "2023.10.10"]
[SourceQuality "1"]

1. e4 e5 2. Nf3 Nc6 3. Bb5 a6 4. Ba4 Nf6 5. 0-0 b5 6. Bb3 Be7 7. Re1 0-0 8. d4 d6 9. c3 Rb8 10. a4 exd4 11. cxd4 d5 12. e5 Ne4 13. Nbd2 Bb4 14. Nxe4 Bxe1 15. Qxe1 dxe4 16. Qxe4 Ne7 17. Bg5 h6 18. Bc2 Re8 19. Bxe7 Rf8 20. Bg5 Bf5 21. Qxf5 1-0

[Event "Jesenik Rapid op"]
[Site "Jesenik"]
[Date "2023.08.18"]
[Round "4"]
[White "Dostal, Radim"]
[Black "Pelc, Adam"]
[Result "1-0"]
[WhiteElo "1904"]
[BlackElo "1917"]
[PlyCount "74"]
[EventDate "2023.08.18"]
[EventType "swiss (rapid)"]
[EventRounds "9"]
[EventCountry "CZE"]
[SourceTitle "EXT 2024"]
[Source "ChessBase"]
[SourceDate "2023.10.10"]
[SourceVersion "1"]
[SourceVersionDate "2023.10.10"]
[SourceQuality "1"]

1. e4 c5 2. Nf3 Nc6 3. Nc3 d6 4. d4 cxd4 5. Nxd4 Nf6 6. Bg5 e5 7. Nf5 Bxf5 8. Bxf6 Qxf6 9. Nd5 Qd8 10. exf5 Be7 11. c3 Bg5 12. Qf3 0-0 13. Bd3 e4 14. Bxe4 Ne5 15. Qh5 g6 16. Qh3 Re8 17. 0-0 Nc4 18. Bc2 Re5 19. Qd3 Nxb2 20. Qb5 a6 21. Qb3 Qa5 22. f4 Rxd5 23. fxg5 Rb5 24. fxg6 Rxb3 25. gxf7+ Kf8 26. axb3 Qc5+ 27. Kh1 Qxc3 28. Bxh7 Nd3 29. Rad1 Ne5 30. Rxd6 Qc5 31. Re6 Ng4 32. h3 Ne3 33. Re1 Nc2 34. Re8+ Kxf7 35. g6+ Kg7 36. R1e7+ Kh6 37. Rxa8 Qxe7 1-0

[Event "Pardubice rapid op 34th"]
[Site "Pardubice"]
[Date "2023.07.20"]
[Round "7"]
[White "Dostal, Radim"]
[Black "Danek, Pavel"]
[Result "1-0"]
[WhiteElo "1968"]
[BlackElo "1833"]
[PlyCount "115"]
[EventDate "2023.07.19"]
[EventType "swiss (rapid)"]
[EventRounds "9"]
[EventCountry "CZE"]
[SourceTitle "CBM 215 Extra"]
[Source "ChessBase"]
[SourceDate "2023.09.30"]
[SourceVersion "1"]
[SourceVersionDate "2023.09.30"]
[SourceQuality "1"]

1. e4 e6 2. d4 d5 3. Nc3 dxe4 4. Nxe4 Nd7 5. Bd3 Be7 6. Nf3 Ngf6 7. Qe2 b6 8. Bf4 Bb7 9. Neg5 h6 10. Ne4 0-0 11. 0-0-0 Nxe4 12. Bxe4 Bxe4 13. Qxe4 Nf6 14. Qe2 Qd5 15. Kb1 Rac8 16. Ne5 Bd6 17. f3 Rfd8 18. g4 Nd7 19. g5 h5 20. g6 f6 21. c4 Qb7 22. Nxd7 Bxf4 23. Qxe6+ Kh8 24. Nxf6 Rd6 25. Qe4 Qxe4+ 26. Nxe4 Rxg6 27. Rhg1 Kh7 28. h3 Rd8 29. d5 Rf8 30. Rxg6 Kxg6 31. Rg1+ Kf7 32. Ng5+ Bxg5 33. Rxg5 g6 34. Re5 Kg7 35. Re7+ Kh6 36. Rxc7 Rxf3 37. Kc2 Rxh3 38. d6 Rh2+ 39. Kd3 Rh1 40. Ke2 Rh2+ 41. Ke3 Rh3+ 42. Ke4 Rh1 43. c5 bxc5 44. Rxc5 Re1+ 45. Kd5 Re8 46. d7 Rd8 47. Ke6 h4 48. Ke7 Rxd7+ 49. Kxd7 g5 50. Ke6 h3 51. Kf5 Kh5 52. Rc8 Kh4 53. Rh8+ Kg3 54. Kxg5 h2 55. b4 Kg2 56. a4 h1Q 57. Rxh1 Kxh1 58. b5 1-0

[Event "Moravia-Silesia Region-chT 2223"]
[Site "Czech Republic"]
[Date "2023.03.19"]
[Round "10"]
[White "Dostal, Radim"]
[Black "Szotek, Josef"]
[Result "1-0"]
[WhiteElo "1980"]
[BlackElo "1843"]
[PlyCount "89"]
[EventDate "2022.10.09"]
[EventType "team-tourn"]
[EventRounds "11"]
[EventCountry "CZE"]
[SourceTitle "EXT 2024"]
[Source "ChessBase"]
[SourceDate "2023.10.10"]
[SourceVersion "1"]
[SourceVersionDate "2023.10.10"]
[SourceQuality "1"]
[WhiteTeam "Poruba Slavoj IV"]
[BlackTeam "Karvina"]
[WhiteTeamCountry "CZE"]
[BlackTeamCountry "CZE"]

1. e4 e5 2. Nf3 Nc6 3. Bb5 a6 4. Ba4 d6 5. c3 Bd7 6. d4 b5 7. Bb3 h6 8. 0-0 Nf6 9. Re1 Be7 10. Nbd2 0-0 11. Nf1 Re8 12. Ng3 Bf8 13. Nh4 Na5 14. Bc2 g6 15. Nf3 c5 16. d5 Nc4 17. b3 Nb6 18. h3 Qc7 19. Nh2 a5 20. Qf3 Qd8 21. Ngf1 a4 22. Be3 Qe7 23. g4 Nh7 24. Ng3 Qh4 25. Qg2 Ng5 26. Bxg5 hxg5 27. Nf3 Qh6 28. Ne2 Be7 29. Qg3 Kg7 30. Kg2 axb3 31. axb3 Rxa1 32. Rxa1 Ra8 33. Rxa8 Nxa8 34. Nxe5 dxe5 35. Qxe5+ Bf6 36. Qd6 Nb6 37. Qxb6 Be5 38. Ng3 Bxc3 39. Qxc5 b4 40. Qe7 Bb5 41. e5 Qh8 42. Qxg5 Qe8 43. Nf5+ Kg8 44. Nd6 Qb8 45. Bxg6 1-0

[Event "Moravia-Silesia Region-chT 2223"]
[Site "Czech Republic"]
[Date "2022.11.13"]
[Round "3"]
[White "Parma, Frantisek"]
[Black "Dostal, Radim"]
[Result "0-1"]
[WhiteElo "1778"]
[BlackElo "1980"]
[PlyCount "56"]
[EventDate "2022.10.09"]
[EventType "team-tourn"]
[EventRounds "11"]
[EventCountry "CZE"]
[SourceTitle "EXT 2024"]
[Source "ChessBase"]
[SourceDate "2023.10.10"]
[SourceVersion "1"]
[SourceVersionDate "2023.10.10"]
[SourceQuality "1"]
[WhiteTeam "Petrovice Inter"]
[BlackTeam "Poruba Slavoj IV"]
[WhiteTeamCountry "CZE"]
[BlackTeamCountry "CZE"]

1. e4 e6 2. d4 d5 3. exd5 exd5 4. Nf3 Bg4 5. Be2 Nc6 6. 0-0 Qd7 7. Be3 0-0-0 8. Nbd2 f6 9. c3 g5 10. h3 Be6 11. Nh2 Bd6 12. f4 Nge7 13. fxg5 Nf5 14. Ng4 fxg5 15. Bxg5 h5 16. Nf6 Qg7 17. h4 Be7 18. Nxh5 Qh7 19. Bxe7 Ncxe7 20. Bg4 Rdg8 21. Qe2 Qh6 22. Rae1 Bd7 23. Ng3 Qxh4 24. Nxf5 Nxf5 25. Rxf5 Rxg4 26. Rf3 Qh1+ 27. Kf2 Rxg2+ 28. Ke3 Rxe2+ 0-1

[Event "CZE-ch Betsys Online Blitz"]
[Site "Chess.com INT"]
[Date "2021.04.17"]
[Round "4"]
[White "Dostal, Radim"]
[Black "Zavurkova, Monika"]
[Result "1-0"]
[WhiteElo "1976"]
[BlackElo "1860"]
[PlyCount "43"]
[EventDate "2021.04.17"]
[EventType "swiss (blitz)"]
[EventRounds "13"]
[EventCountry "CZE"]
[SourceTitle "CBM 201 Extra"]
[Source "ChessBase"]
[SourceDate "2021.05.31"]
[SourceVersion "1"]
[SourceVersionDate "2021.05.31"]
[SourceQuality "1"]

1. e4 e6 2. d4 d5 3. Nc3 dxe4 4. Nxe4 Nd7 5. Bd3 Ngf6 6. Qe2 Be7 7. Nf3 b6 8. Bf4 Bb7 9. 0-0-0 Rc8 10. Ne5 0-0 11. g4 c5 12. g5 Nd5 13. Be3 Nxe3 14. fxe3 cxd4 15. exd4 Bxg5+ 16. Kb1 Bf4 17. Rhg1 Nxe5 18. dxe5 Bxe5 19. Ng5 Qd4 20. Bxh7+ Kh8 21. Rxd4 Bxd4 22. Qh5 1-0

[Event "CZE-ch Betsys Online Blitz"]
[Site "Chess.com INT"]
[Date "2021.04.17"]
[Round "5"]
[White "Krajina, Ales"]
[Black "Dostal, Radim"]
[Result "1-0"]
[WhiteElo "2155"]
[BlackElo "1976"]
[PlyCount "57"]
[EventDate "2021.04.17"]
[EventType "swiss (blitz)"]
[EventRounds "13"]
[EventCountry "CZE"]
[SourceTitle "CBM 201 Extra"]
[Source "ChessBase"]
[SourceDate "2021.05.31"]
[SourceVersion "1"]
[SourceVersionDate "2021.05.31"]
[SourceQuality "1"]

1. h4 e5 2. h5 h6 3. c3 d5 4. d4 exd4 5. cxd4 c5 6. Nf3 Nc6 7. Nc3 Bg4 8. e3 Nf6 9. Qb3 Bxf3 10. gxf3 cxd4 11. Qxb7 Qc8 12. Ba6 dxc3 13. Qxc8+ Rxc8 14. Bxc8 Bb4 15. Ke2 0-0 16. Bf5 d4 17. a3 Ba5 18. bxc3 dxc3 19. Rb1 Re8 20. Kf1 Rd8 21. Kg2 Ne5 22. Rb5 Bc7 23. Rc5 Bb8 24. Rxc3 a6 25. f4 Ned7 26. Rd3 Kf8 27. Rhd1 Ke7 28. a4 Bc7 29. Ba3+ 1-0

[Event "Ostrava Konik op-A"]
[Site "Ostrava"]
[Date "2019.04.27"]
[Round "1"]
[White "Muzik, Martin"]
[Black "Dostal, Radim"]
[Result "1-0"]
[WhiteElo "2160"]
[BlackElo "1987"]
[PlyCount "65"]
[EventDate "2019.04.27"]
[EventType "swiss"]
[EventRounds "9"]
[EventCountry "CZE"]
[SourceTitle "CBM 190 Extra"]
[Source "ChessBase"]
[SourceDate "2019.07.15"]
[SourceVersion "1"]
[SourceVersionDate "2019.07.15"]
[SourceQuality "1"]

1. e4 e6 2. b3 d5 3. Bb2 dxe4 4. Nc3 Nf6 5. Qe2 Bb4 6. 0-0-0 Qe7 7. g4 Ba3 8. Nxe4 a5 9. Nxf6+ Qxf6 10. d4 Bxb2+ 11. Kxb2 Nc6 12. c3 0-0 13. Bg2 Bd7 14. Nf3 Rfb8 15. h4 b5 16. Ne5 Nxe5 17. dxe5 Qe7 18. Bxa8 Rxa8 19. Qe4 Rb8 20. Rh3 Qe8 21. h5 Bc6 22. Qf4 a4 23. Qb4 Bd5 24. g5 axb3 25. axb3 Ra8 26. Ra1 Rxa1 27. Kxa1 c5 28. Qxc5 Bxb3 29. Qa7 Bc4 30. Rf3 Be2 31. Rf4 Bxh5 32. Rd4 Qc8 33. Qa5 1-0

[Event "CZE-chT2F 1819"]
[Site "Czech Republic"]
[Date "2018.12.02"]
[Round "4.6"]
[White "Dostal, Radim"]
[Black "Panis, Radim"]
[Result "1-0"]
[WhiteElo "1951"]
[BlackElo "2074"]
[PlyCount "135"]
[EventDate "2018.10.14"]
[EventType "team-tourn"]
[EventRounds "11"]
[EventCountry "CZE"]
[SourceTitle "EXT 2022"]
[Source "ChessBase"]
[SourceDate "2021.10.06"]
[SourceVersion "1"]
[SourceVersionDate "2021.10.06"]
[SourceQuality "1"]
[WhiteTeam "Poruba Slavoj III"]
[BlackTeam "Opava KVS"]
[WhiteTeamCountry "CZE"]
[BlackTeamCountry "CZE"]

1. e4 c5 2. Nf3 e6 3. d4 cxd4 4. Nxd4 a6 5. Nc3 Qc7 6. g3 Nf6 7. Bg2 Be7 8. 0-0 d6 9. f4 0-0 10. Be3 Nbd7 11. g4 Nb6 12. g5 Nfd7 13. Kh1 Nc4 14. Bc1 Re8 15. b3 Ncb6 16. Bb2 e5 17. Nf5 Nf8 18. a4 Bxf5 19. exf5 f6 20. a5 Nc8 21. Qh5 Na7 22. Bd5+ Kh8 23. Rf3 g6 24. fxg6 Nxg6 25. Bf7 Rg8 26. Rh3 Nf8 27. Bxg8 Kxg8 28. gxf6 Bxf6 29. Rg1+ Kh8 30. Qf5 Bg7 31. Rhg3 Ng6 32. Rxg6 hxg6 33. Qxg6 Rf8 34. f5 Qf7 35. Qg5 Qf6 36. Nd5 Qxg5 37. Rxg5 Rf7 38. Kg2 Nc6 39. Bc3 Ne7 40. Nxe7 Rxe7 41. Rg6 Rc7 42. Bb4 Rxc2+ 43. Kg3 Kh7 44. Rxd6 Rb2 45. Rb6 Rxb3+ 46. Kg4 Rb2 47. h4 Rg2+ 48. Kf3 Rg1 49. Rxb7 Kh6 50. Rb6+ Kh5 51. Kf2 Rg4 52. Be7 Rf4+ 53. Ke3 Rxf5 54. Rxa6 Rf7 55. Bg5 Rd7 56. Re6 Kg4 57. a6 Kf5 58. Rc6 Ra7 59. Bh6 Bf6 60. Bf8 Bxh4 61. Bc5 Bg5+ 62. Ke2 Ra8 63. a7 Bf4 64. Rc7 e4 65. Rf7+ Kg4 66. Rf8 Bd6 67. Rxa8 Bxc5 68. Rg8+ 1-0

[Event "CZE-chT2F 1617"]
[Site "Czech Republic"]
[Date "2016.10.09"]
[Round "1.5"]
[White "Dostal, Radim"]
[Black "Slanina, Miroslav"]
[Result "0-1"]
[WhiteElo "2017"]
[BlackElo "2160"]
[PlyCount "126"]
[EventDate "2016.10.09"]
[EventType "team-tourn"]
[EventRounds "11"]
[EventCountry "CZE"]
[SourceTitle "EXT 2022"]
[Source "ChessBase"]
[SourceDate "2021.10.06"]
[SourceVersion "1"]
[SourceVersionDate "2021.10.06"]
[SourceQuality "1"]
[WhiteTeam "Poruba Slavoj II"]
[BlackTeam "Dobra"]
[WhiteTeamCountry "CZE"]
[BlackTeamCountry "CZE"]

1. e4 c6 2. d4 d5 3. exd5 cxd5 4. c4 Nf6 5. Nc3 Nc6 6. Bg5 Qa5 7. Nf3 Bg4 8. Bxf6 exf6 9. cxd5 Bb4 10. Qd3 Qxd5 11. Be2 0-0 12. 0-0 Bxc3 13. bxc3 Rac8 14. c4 Qd7 15. Rfd1 Rfd8 16. d5 Bxf3 17. Qxf3 Na5 18. Rac1 Qd6 19. Rd4 b6 20. Bd3 g6 21. Rh4 Qf8 22. Qxf6 Rxd5 23. Qf3 Rdd8 24. Re1 Re8 25. Rhe4 Rxe4 26. Qxe4 Rd8 27. h3 Qd6 28. Be2 Qd4 29. Qe7 Nc6 30. Qg5 Qe5 31. Qxe5 Nxe5 32. f4 Nc6 33. Bf3 Rc8 34. Bd5 Kf8 35. Re2 Nd4 36. Rd2 Nf5 37. Kf2 Nd6 38. Rd4 Nf5 39. Rd2 Nd6 40. Rd4 Ke7 41. g4 Rc5 42. Ke3 Ra5 43. Rd3 Ra4 44. Rc3 Rxa2 45. c5 Nb5 46. cxb6 Nxc3 47. Bxa2 axb6 48. Bb3 h6 49. Kd3 Nb5 50. Kc4 Nc7 51. Kd4 Ne6+ 52. Ke3 f6 53. Bc4 Kd6 54. Ke4 Nc5+ 55. Kd4 g5 56. fxg5 hxg5 57. Bb5 Ne6+ 58. Ke4 Kc5 59. Bd7 Nd4 60. Ba4 Kc4 61. Bd1 b5 62. Ke3 Kc3 63. Ke4 b4 0-1

[Event "Ostrava Konik op-A"]
[Site "Ostrava"]
[Date "2016.05.05"]
[Round "6"]
[White "Havelka, Ondrej"]
[Black "Dostal, Radim"]
[Result "1-0"]
[WhiteElo "1911"]
[BlackElo "2057"]
[PlyCount "61"]
[EventDate "2016.04.30"]
[EventType "swiss"]
[EventRounds "9"]
[EventCountry "CZE"]
[SourceTitle "CBM 172 Extra"]
[Source "ChessBase"]
[SourceDate "2016.06.21"]
[SourceVersion "1"]
[SourceVersionDate "2016.06.21"]
[SourceQuality "1"]

1. d4 Nf6 2. c4 c5 3. d5 e6 4. Nc3 exd5 5. cxd5 d6 6. e4 g6 7. Nge2 Bg7 8. Ng3 0-0 9. Be2 Re8 10. 0-0 a6 11. a4 Nbd7 12. Bg5 h6 13. Be3 Rb8 14. f3 Qc7 15. Qd2 Kh7 16. Nh1 Ne5 17. Nf2 Bd7 18. f4 Neg4 19. Nxg4 Bxg4 20. e5 Bxe2 21. exf6 Bxf1 22. fxg7 Qe7 23. Re1 Bc4 24. Qc2 b5 25. b3 b4 26. Bf2 Bxb3 27. Qxb3 bxc3 28. Rxe7 Rxb3 29. Rxe8 Rb1+ 30. Be1 c2 31. g8Q# 1-0

[Event "Ostrava Konik op-A"]
[Site "Ostrava"]
[Date "2016.05.01"]
[Round "2"]
[White "Krajina, Ales"]
[Black "Dostal, Radim"]
[Result "1/2-1/2"]
[WhiteElo "2176"]
[BlackElo "2057"]
[PlyCount "72"]
[EventDate "2016.04.30"]
[EventType "swiss"]
[EventRounds "9"]
[EventCountry "CZE"]
[SourceTitle "CBM 172 Extra"]
[Source "ChessBase"]
[SourceDate "2016.06.21"]
[SourceVersion "1"]
[SourceVersionDate "2016.06.21"]
[SourceQuality "1"]

1. d4 Nf6 2. Nf3 c5 3. d5 e6 4. Nc3 exd5 5. Nxd5 Nxd5 6. Qxd5 Be7 7. Bf4 Nc6 8. 0-0-0 Nb4 9. Qb3 d5 10. e4 d4 11. Bb5+ Nc6 12. Ne5 0-0 13. Nxc6 bxc6 14. Bxc6 Be6 15. Bd5 Bg5 16. g3 Bxd5 17. Qxd5 Bxf4+ 18. gxf4 Qb6 19. Rd3 Rfd8 20. Qg5 c4 21. Rg1 g6 22. Rh3 Rab8 23. b3 d3 24. Qh6 Qxf2 25. Qxh7+ Kf8 26. Qh8+ Ke7 27. Qe5+ Kd7 28. Qd5+ Kc7 29. Qxf7+ Rd7 30. Qxc4+ Kb7 31. Rxg6 d2+ 32. Kb2 Qd4+ 33. Qxd4 Rxd4 34. Rh7+ Ka8 35. Rgg7 Rbd8 36. Rxa7+ Kb8 1/2-1/2

[Event "CZE-chT2F 1516"]
[Site "Czech Republic"]
[Date "2016.03.13"]
[Round "9.26"]
[White "Stonawski, Igor"]
[Black "Dostal, Radim"]
[Result "0-1"]
[WhiteElo "1990"]
[BlackElo "2057"]
[PlyCount "92"]
[EventDate "2015.10.18"]
[EventType "team-tourn"]
[EventRounds "11"]
[EventCountry "CZE"]
[SourceTitle "EXT 2022"]
[Source "ChessBase"]
[SourceDate "2021.10.06"]
[SourceVersion "1"]
[SourceVersionDate "2021.10.06"]
[SourceQuality "1"]
[WhiteTeam "Cesky Tesin"]
[BlackTeam "Poruba Slavoj II"]
[WhiteTeamCountry "CZE"]
[BlackTeamCountry "CZE"]

1. g3 e5 2. Bg2 d5 3. d3 Nc6 4. Nd2 Be6 5. c3 Qd7 6. Qc2 0-0-0 7. b4 Nf6 8. Nb3 h5 9. h4 e4 10. d4 Bf5 11. e3 Ng4 12. Bd2 Rh6 13. a4 Rf6 14. Nh3 Bd6 15. Nf4 Bg6 16. b5 Ne7 17. 0-0 Bxf4 18. exf4 e3 19. Qc1 exd2 20. Qxd2 Kb8 21. Nc5 Qf5 22. Rfe1 Nc8 23. f3 Nh6 24. Re2 Nb6 25. a5 Nc4 26. Qa2 Qc8 27. Kh2 Bf5 28. Qb3 Re8 29. Rea2 Ne3 30. b6 cxb6 31. axb6 Rxb6 32. Qa4 a6 33. Qa5 Qc6 34. Re1 Rb5 35. Qa4 Nxg2 36. Rxe8+ Qxe8 37. Nxa6+ bxa6 38. Qxa6 Bd7 39. Qd6+ Kb7 40. c4 Rb6 41. Qxd5+ Bc6 42. Qxh5 Ne3 43. d5 Bd7 44. c5 Rb1 45. g4 Nhxg4+ 46. fxg4 Nxg4+ 0-1

[Event "CZE-chT2F 1516"]
[Site "Czech Republic"]
[Date "2016.02.21"]
[Round "8.53"]
[White "Vrana, Frantisek"]
[Black "Dostal, Radim"]
[Result "1-0"]
[WhiteElo "2207"]
[BlackElo "2057"]
[PlyCount "77"]
[EventDate "2015.10.18"]
[EventType "team-tourn"]
[EventRounds "11"]
[EventCountry "CZE"]
[SourceTitle "EXT 2022"]
[Source "ChessBase"]
[SourceDate "2021.10.06"]
[SourceVersion "1"]
[SourceVersionDate "2021.10.06"]
[SourceQuality "1"]
[WhiteTeam "Stare Mesto II"]
[BlackTeam "Poruba Slavoj II"]
[WhiteTeamCountry "CZE"]
[BlackTeamCountry "CZE"]

1. d4 Nf6 2. Nf3 c5 3. d5 e6 4. Nc3 exd5 5. Nxd5 Nxd5 6. Qxd5 Be7 7. Bf4 Nc6 8. Ne5 0-0 9. 0-0-0 Nb4 10. Qb3 d5 11. a3 c4 12. Qf3 Qa5 13. Kb1 Nxc2 14. Kxc2 Bf5+ 15. Kc1 c3 16. e4 Bxe4 17. Qxc3 Rac8 18. Nc4 Qxc3+ 19. bxc3 dxc4 20. Kb2 Rc6 21. Re1 Re8 22. Rxe4 Bxa3+ 23. Kxa3 Rxe4 24. Be3 b5 25. Be2 Re5 26. Rd1 h6 27. Rd8+ Kh7 28. Rd7 Ra6+ 29. Kb2 f5 30. Bf3 Ree6 31. Bd4 Rg6 32. Rd5 Rge6 33. Rd7 Rg6 34. Rf7 Rad6 35. Rxf5 a6 36. Rf7 Kg8 37. Rb7 Rg5 38. h4 Rgg6 39. Rb8+ 1-0

[Event "Tatry op"]
[Site "Tatranske Zruby"]
[Date "2015.10.03"]
[Round "9"]
[White "Jablonicky, Martin"]
[Black "Dostal, Radim"]
[Result "0-1"]
[WhiteElo "2202"]
[BlackElo "2077"]
[PlyCount "100"]
[EventDate "2015.09.26"]
[EventType "swiss"]
[EventRounds "9"]
[EventCountry "SVK"]
[SourceTitle "CBM 168 Extra"]
[Source "ChessBase"]
[SourceDate "2015.10.29"]
[SourceVersion "1"]
[SourceVersionDate "2015.10.29"]
[SourceQuality "1"]

1. e4 e6 2. d4 d5 3. Nd2 Nf6 4. e5 Nfd7 5. Bd3 c5 6. c3 Nc6 7. Ne2 cxd4 8. cxd4 f6 9. exf6 Nxf6 10. 0-0 Bd6 11. Nf3 Qc7 12. Ng3 0-0 13. a3 Bd7 14. Re1 Rae8 15. Bb1 e5 16. dxe5 Nxe5 17. Nxe5 Bxe5 18. Ba2 Bc6 19. Bg5 Bxb2 20. Rxe8 Rxe8 21. Rb1 Qa5 22. Bxf6 Bxf6 23. Qh5 Qd2 24. Bb3 Re1+ 25. Rxe1 Qxe1+ 26. Nf1 Qe4 27. Qd1 Kh8 28. Bc2 Qf4 29. Qd3 g6 30. Qh3 Kg7 31. Qd3 Qd4 32. Qg3 Qe5 33. Qg4 d4 34. Bb3 Qe4 35. Qg3 d3 36. Ne3 Be5 37. Qg5 Bd4 38. Nf1 d2 39. Qg3 Be5 40. Qg5 Bf4 41. Qg4 h5 42. Qh3 Bb5 43. Qc3+ Kh7 44. Qc8 Be5 45. Qg8+ Kh6 46. Qf8+ Bg7 47. Qd6 Bd3 48. Qd8 Qe2 49. h4 Qxf1+ 50. Kh2 Be5+ 0-1

[Event "Ostrava Konik op-A"]
[Site "Ostrava"]
[Date "2015.05.05"]
[Round "4"]
[White "Dostal, Radim"]
[Black "Marek, Matyas"]
[Result "0-1"]
[WhiteElo "2084"]
[BlackElo "2283"]
[PlyCount "64"]
[EventDate "2015.05.02"]
[EventType "swiss"]
[EventRounds "9"]
[EventCountry "CZE"]
[SourceTitle "CBM 166 Extra"]
[Source "ChessBase"]
[SourceDate "2015.06.18"]
[SourceVersion "1"]
[SourceVersionDate "2015.06.18"]
[SourceQuality "1"]

1. e4 c5 2. Nf3 d6 3. d4 cxd4 4. Nxd4 Nf6 5. Nc3 a6 6. Bg5 Nbd7 7. f4 Qc7 8. Qf3 h6 9. Bh4 g5 10. fxg5 hxg5 11. Bxg5 Qc5 12. Be3 Ne5 13. Qe2 Neg4 14. Bg1 Bh6 15. Nf5 Qb4 16. Qc4 Qxb2 17. Rb1 Qxc2 18. Nxh6 Rxh6 19. Qb3 Qxb3 20. Rxb3 b5 21. Bd3 Ne5 22. Be2 Be6 23. Rb1 Rc8 24. Kd2 Nc4+ 25. Bxc4 Rxc4 26. h4 Nxe4+ 27. Nxe4 Rxe4 28. g3 Rh5 29. Bb6 Rd5+ 30. Kc3 Rc4+ 31. Kb3 Rd3+ 32. Kb2 Rd2+ 0-1

[Event "CZE-chT2F 1415"]
[Site "Czech Republic"]
[Date "2015.03.29"]
[Round "10.64"]
[White "Dostal, Radim"]
[Black "Splichal, Stanislav"]
[Result "1/2-1/2"]
[WhiteElo "2078"]
[BlackElo "2129"]
[PlyCount "30"]
[EventDate "2014.11.02"]
[EventType "team-tourn"]
[EventRounds "11"]
[EventCountry "CZE"]
[SourceTitle "EXT 2022"]
[Source "ChessBase"]
[SourceDate "2021.10.06"]
[SourceVersion "1"]
[SourceVersionDate "2021.10.06"]
[SourceQuality "1"]
[WhiteTeam "Poruba Slavoj II"]
[BlackTeam "Ostrava TJ Nova Hut"]
[WhiteTeamCountry "CZE"]
[BlackTeamCountry "CZE"]

1. e4 c5 2. Nf3 e6 3. b4 cxb4 4. d4 d5 5. e5 Nc6 6. a3 f6 7. axb4 fxe5 8. dxe5 Bxb4+ 9. c3 Bc5 10. Bd3 Nge7 11. 0-0 Bd7 12. Ra4 Qc7 13. Rg4 g6 14. Qe2 Nf5 15. c4 d4 1/2-1/2